005540000a220018100045000410008000000820020000081000023000282450055000512600018001063000012001240010005001369420007001419520119001489990017002673360027002843370033003113380028003440 aSPA04aG 261.55 M8751b1 aMorris, Enrique M.10aLa biblia y la ciencia moderna / Enrique M. Morris a[S.L] : Moody a127 Pag6833 cBK 001040708GENaFUSBCbFUSBCd2005-01-05l0oG 261.55 M8751b p1062r2019-12-12 00:00:00t1w2016-01-26yBKB0C3 c37089d37089 atextobtxt2rdacontent 2rdamediaasin mediaciónbn 2rdacarrieravolumenbnc